[Event "Tata Steel 2019 - B"]
[Site "Wijk aan Zee"]
[Date "19.01.2019"]
[Round "7.3"]
[White "Saduakassova, Dinara"]
[Black "L'Ami, Erwin"]
[Result "1/2-1/2"]
[WhiteTitle "IM"]
[BlackTitle "GM"]
[WhiteElo "2472"]
[BlackElo "2643"]
[WhiteFideId "13700090"]
[BlackFideId "1007998"]
[EventDate "2019.01.12"]

1. d4 f5 2. c4 Nf6 3. Nc3 e6 4. Qc2 Bb4 5. e3 b6 6. Bd3 Bb7 7. f3 Nh5 8. Ne2
Qh4+ 9. g3 Bxc3+ 10. bxc3 Qe7 11. O-O Nf6 12. c5 O-O 13. e4 fxe4 14. fxe4 Nc6
15. Ba3 Ng4 16. Qd2 Rxf1+ 17. Rxf1 Rf8 18. Rf4 Nh6 19. Rxf8+ Qxf8 20. Qf4 Qxf4
21. Nxf4 Nb8 22. Kg2 Ng4 23. h3 Nf6 24. Kf3 Kf7 25. Ke3 g5 26. Ne2 Na6 27. cxb6
axb6 28. e5 Nd5+ 29. Kd2 h6 30. Be4 Bc6 31. c4 Ne7 32. Bxc6 dxc6 33. Kd3 c5 34.
dxc5 bxc5 35. Ke4 Nc6 36. Nc3 Na5 37. Na4 Nb4 38. Nxc5 Nxa2 39. Kd3 Nc6 40. Kc2
Nxe5 41. Kb3 h5 42. Bb2 Nf3 43. Kxa2 Ng1 44. Be5 c6 45. Nb7 Nxh3 46. Nd8+ Kg6
47. Nxc6 Nf2 48. Kb3 Kf5 49. Bb8 h4 50. gxh4 gxh4 51. Nd4+ Kf6 52. Nf3 h3 53.
Kc3 Ng4 54. Kd4 Kf5 55. Bg3 e5+ 56. Kc3 Ne3 57. Bh2 e4 58. Ng1 1/2-1/2